MARC details
| 000 -LEADER |
| fixed length control field |
01082cam a2200241 4500 |
| 001 - CONTROL NUMBER |
| control field |
WB3740-25 |
| 008 - FIXED-LENGTH DATA ELEMENTS--GENERAL INFORMATION |
| fixed length control field |
011023n2001 000 0 eng u |
| 035 ## - SYSTEM CONTROL NUMBER |
| System control number |
(Sirsi) u115258 |
| 245 ## - TITLE STATEMENT |
| Title |
Caravans |
| 260 ## - PUBLICATION, DISTRIBUTION, ETC. |
| Date of publication, distribution, etc. |
2001 |
| 490 ## - SERIES STATEMENT |
| Series statement |
Estates Gazette |
| Volume/sequential designation |
[2001] 42 EG 137 (CS) (10/10/01) |
| 520 ## - SUMMARY, ETC. |
| Summary, etc. |
"Berkeley Leisure Group Ltd v Hampton" CA 5 October 2001. The claimant B owned a caravan park with planning permission allowing part of the park to be used for permanent residential occupation. In 1987 the defendant H was an employee and allowed to live in a rent-free caravan. In 2000 B served notice to quit on H. The issue was whether H's plot was protected under the Mobile Homes Act 1983. Judge found H entitled to security of tenure. "Held", appeal allowed. |
| 590 ## - LOCAL NOTE (RLIN) |
| Local note |
WB |
| 650 ## - SUBJECT ADDED ENTRY--TOPICAL TERM |
| Topical term or geographic name entry element |
SITE LICENCES |
| 650 ## - SUBJECT ADDED ENTRY--TOPICAL TERM |
| Topical term or geographic name entry element |
CARAVANS |
| 650 ## - SUBJECT ADDED ENTRY--TOPICAL TERM |
| Topical term or geographic name entry element |
BERKELEY LEISURE GROUP LTD V HAMPTON |
| 650 ## - SUBJECT ADDED ENTRY--TOPICAL TERM |
| Topical term or geographic name entry element |
MOBILE HOMES ACT 1983 |
| 650 ## - SUBJECT ADDED ENTRY--TOPICAL TERM |
| Topical term or geographic name entry element |
PERMANENT PLANNING PERMISSION |
| 650 ## - SUBJECT ADDED ENTRY--TOPICAL TERM |
| Topical term or geographic name entry element |
SECURITY OF TENURE |
| 650 ## - SUBJECT ADDED ENTRY--TOPICAL TERM |
| Topical term or geographic name entry element |
RESIDENTIAL OCCUPATION |
| 690 ## - LOCAL SUBJECT ADDED ENTRY--TOPICAL TERM (OCLC, RLIN) |
| Topical term or geographic name as entry element |
PROPERTY |
| 942 ## - ADDED ENTRY ELEMENTS (KOHA) |
| Suppress in OPAC |
0 |